Chile / (Record no. 99833)

MARC details
000 -CABECERA
campo de control de longitud fija 00714nam a2200193 a 4500
005 - FECHA Y HORA DE LA ÚLTIMA TRANSACCIÓN
campo de control 20251203143413.0
008 - ELEMENTOS DE LONGITUD FIJA--INFORMACIÓN GENERAL
campo de control de longitud fija 030808s1978 ch r 000 0 spa d
035 ## - NÚMERO DE CONTROL DEL SISTEMA
Número de control de sistema UPN01000127654
049 ## - COLECCIÓN
Colección CG
050 #4 - SIGNATURA TOPOGRÁFICA DE LA BIBLIOTECA DEL CONGRESO
Número de clasificación T93
Número de documento/Ítem M3.2
100 1# - ASIENTO PRINCIPAL--NOMBRE PERSONAL
Nombre de persona Magendzo, Abraham
9 (RLIN) 29097
245 10 - MENCIÓN DE TÍTULO
Título Chile /
Mención de responsabilidad, etc. Abraham Magendzo y Nancy Barra.
260 ## - PUBLICACIÓN, DISTRIBUCIÓN, ETC.
Lugar de publicación, distribución, etc. Santiago de Chile :
Nombre del editor, distribuidor, etc. UNESCO, Oficina Regional de Educación para América Latina y el Caribe,
Fecha de publicación, distribución, etc. 1978.
300 ## - DESCRIPCIÓN FÍSICA
Extensión v, 86 p. :
Otras características físicas il.
500 ## - NOTA GENERAL
Nota general v.3 de: Estudios de cambios e innovaciones en la educación técnica y la formación profesional en América Latina y el Caribe
650 #4 - ASIENTO SECUNDARIO DE MATERIA - TERMINO TEMATICO
Término de materia o nombre geográfico como elemento de entrada Enseñanza técnica
Subdivisión geográfica Chile
9 (RLIN) 21026
700 1# - ASIENTO SECUNDARIO--NOMBRE DE PERSONAL
Nombre de persona Barra, Nancy,
Término indicativo de función/relación coaut.
905 ## - TIPO DE MATERIAL
Tipo de material Libro
Holdings
Estado de retiro Estado de pérdida Fuente del sistema de clasificación o colocación Estado dañado No para préstamo Código de colección Localización permanente Ubicación/localización actual Ubicación en estantería Total de préstamos Clasificación Código de barras Fecha visto por última vez Número de copia Tipo de ítem Koha
    Library of Congress Classification     Colección General Bib. Gregorio Torres Quintero Bib. Gregorio Torres Quintero Planta baja   T93 M3.2 41967 31/12/2020 1 Libro